| 000 | 00422nam a2200157 i 4500 | ||
|---|---|---|---|
| 001 | 53691 | ||
| 003 | ES-MaACL | ||
| 005 | 20230906162819.0 | ||
| 007 | t| | ||
| 008 | 031107s1949 sp ||||1| spa d | ||
| 100 | 1 |
_aFernández Collado, Diego. _949587 |
|
| 245 | 1 | 0 |
_aAlmizara _b: novela / _cDiego Fernández Collado. |
| 260 |
_aValencia : _bPrometeo, _c[1949] |
||
| 300 |
_a210 p. ; _c22 cm. |
||
| 852 |
_aES-MaACL _jD-7851 |
||
| 999 |
_c53691 _d53691 |
||